| 000 | 00908cam a2200217 4500 | ||
|---|---|---|---|
| 001 | ABS67948 | ||
| 008 | 040615n2004 000 0 eng u | ||
| 035 | _a(Sirsi) u126480 | ||
| 100 | _aMurdoch, S. | ||
| 245 | _aNo relief for tenant | ||
| 260 | _c2004 | ||
| 490 |
_aEstates Gazette _v(0423) 5 June 2004, 119(1) |
||
| 520 | _aDiscusses "Mount Cook Ltd v Media Business Centre Ltd" ([2004] EWHC 346 (Ch), [2004] 2 P&CR 477-485(9) which confirmed the principle that discontinuance of forfeiture proceedings reinstates a lease. A landlord can implement a rent review even after instituting forfeiture proceedings and is entitled to an increased rent under any already accrued right. | ||
| 590 | _aABS | ||
| 590 | _aABS | ||
| 650 | _aMOUNT COOK LTD V MEDIA BUSINESS CENTRE LTD | ||
| 650 | _aLAW OF FORFEITURE | ||
| 650 | _aRENT REVIEWS | ||
| 690 | _aLANDLORD AND TENANT-RENT REVIEWS | ||
| 942 | _n0 | ||
| 999 |
_c117518 _d117518 |
||